000 00336 a2200157 4500
001 183248
020 _a
040 _cMagnum
100 _aWager, Walter
240 1 0 _aConspiração telefone
_lpor
245 1 0 _aConspiração telefone
300 _a206
440 1 _aGlobo
697 _aLITERATURA GERAL ESTRANGEIRA
942 _cBK
999 _c183248
_d183248